Eneolitické nálezy z Nitry-Dolných Krškán

Bibliographic Details
Main Author: Marková, Klára, 1952-2014 (Author)
Format: Article
Language:Slovak
PhysicalDescription:Res. nem., lit. 3 zázn. v nem., slov.
ISBN:8088709164
Subjects:

MARC

LEADER 00000nab a2200000 a 4500
001 vtls000612075
003 SK-MaSNL
005 20260304093136.0
008 250425c1995 xo 0 slo
015 |a SNBRA19rr/mm-uuuuu 
035 |a CL0612214 
035 |a urn:nbn:sk:snk-abfz5 
035 |a (urnnbn)urn:nbn:sk:snk:ar-a04d5x 
035 |a (uuid)cc6c767c-4fa5-4be3-9ae8-b6e8e3e317df 
040 |a SNKBUCL  |b slo  |c SNKBUCL  |e AACR2 
041 0 |a slo 
044 |a xo  |c SK 
080 |a 903.23(437.6)"636":902  |2 1981 
080 |a 902  |2 1981 
100 1 |a Marková, Klára,  |d 1952-2014  |4 aut  |9 104713 
245 1 0 |a Eneolitické nálezy z Nitry-Dolných Krškán  |c Klára Marková 
300 |b Res. nem., lit. 3 zázn. v nem., slov. 
650 0 7 |a džbánky  |2 snkbucl  |9 1387901 
650 0 7 |a eneolit  |2 snkbucl  |9 30423 
651 7 |a Nitra (Slovensko)  |2 snkbucl  |9 15714 
655 7 |a články zo zborníkov  |2 snkbucl  |9 166140 
773 0 |t Archeologické výskumy a nálezy na Slovensku v roku 1993  |d Nitra : Archeologický ústav SAV, 1995  |g S. 93  |z 8088709164 
850 |a Slovenská národná knižnica 
852 |a Slovenská národná knižnica 
954 |a odborná, vedecká literatúra pôvodná (slovenská)  |2 lita 
957 |a 5206 
958 |a article27 
958 |a SK 
958 |a RK 
958 |a OND 
958 |a EUIPO 
999 |c 2821821  |d 2823751